[Event "Belgrade GMA op"]
[Site "Belgrade"]
[Date "1988.??.??"]
[Round "?"]
[White "Legky, Nikolay A"]
[Black "Mohr, Georg"]
[Result "1/2-1/2"]
[WhiteElo "2380"]
[BlackElo "2460"]
[Annotator "Ftacnik,L"]
[PlyCount "101"]
[EventDate "1988.12.??"]
[EventType "swiss"]
[EventRounds "9"]
[EventCountry "YUG"]
[SourceTitle "TD"]
[Source "ChessBase"]
[SourceDate "1994.03.01"]
[SourceVersion "1"]
[SourceVersionDate "1994.03.01"]
[SourceQuality "1"]

1. d4 Nf6 2. Nf3 b5 3. Bg5 h6 (3... Bb7) 4. Bxf6 exf6 5. e3 b4 6. Bc4 d5 (6...
g6 $2 7. Ne5 $1 fxe5 8. Qf3 $18) 7. Bb5+ c6 8. Bd3 Bd6 9. c4 $1 (9. O-O f5 10.
Nbd2 g5 $5) 9... dxc4 (9... bxc3 10. Nxc3 $14) (9... O-O 10. Nbd2 dxc4 11. Nxc4
$14) 10. Bxc4 O-O 11. Nbd2 Nd7 12. Qc2 $1 Bb7 (12... Nb6 13. Bd3 $14) 13. Ne4
Be7 14. Rd1 Qa5 15. O-O Ba6 $5 (15... c5 $2 16. d5 $16) (15... f5 $5) 16. Nfd2
f5 $1 17. Nb3 Qb6 18. Nec5 Nxc5 $8 (18... Bxc4 $2 19. Nxd7 Bxb3 20. Qxb3 $18)
19. dxc5 Qb7 20. Rd4 $1 (20. Bxa6 Qxa6 21. Qxf5 Qxa2 22. Qc2 Bf6 23. Nd4 $10) (
20. Nd4 g6 $10) 20... Bxc4 21. Rxc4 g6 (21... Bf6 22. Nd4 $14) 22. e4 fxe4 23.
Qxe4 a5 24. h4 $1 h5 (24... Bf6 25. Nd4 $14) 25. g4 $1 hxg4 26. h5 Qd7 $5 (
26... Kg7 $2 27. Qd4+ $1 Kh7 28. hxg6+ fxg6 29. Kg2 $16) (26... Bf6 $5 27. Qxg4
$14) 27. hxg6 $1 (27. Rd4 Qe6 28. Qxe6 fxe6 29. Rxg4 Bf6 $1 $10) 27... f5 28.
Qh1 $1 Bf6 29. Nd4 Ra7 $1 (29... Bxd4 $2 30. Rxd4 Qg7 31. Rd6 $16) 30. Nxc6 Rc7
31. Nxa5 Qb5 $1 32. Qd5+ Kg7 33. Nb3 Rd8 34. Qe6 $1 (34. Nd4 $2 Rxd5 35. Nxb5
Rcxc5 36. Rxc5 Rxc5 37. Nd6 Bxb2 $17) 34... Re7 35. Qb6 Qxc4 36. Qxd8 Kxg6 (
36... g3 $2 37. fxg3 $16) 37. Qd6 Rh7 38. Re1 Qc2 39. c6 (39. Nd4 $2 Qxb2)
39... Qxb2 40. c7 $6 (40. Nc5 Qc3 41. Nd3 $14) 40... Qc3 $6 (40... Qc2 $1 41.
Nc5 Qc3 $1 42. Nd3 $1 Rxc7 43. Rc1 Qxc1+ 44. Nxc1 Rxc1+ $10) 41. Re6 Rh8 $1 $8
42. Qc6 $1 (42. c8=Q $5 Rxc8 43. Nd4 Kg5 $3 44. Rxf6 Qe1+ 45. Kg2 Qe4+ 46. f3
Rc2+ $1 47. Nxc2 Qxf3+ 48. Kh2 Qf2+ $10) (42. Qd8 Kg5 $1 43. Qd2+ Qxd2 44. Nxd2
Rc8 45. Rc6 Be5 46. Nc4 Bf4 $1 $10) 42... Kg5 43. Qxc3 bxc3 (43... Bxc3 44. Rc6
Rc8 45. a4 Be5 46. Nc5 b3 $1 $10) 44. Rc6 Rc8 45. Nc5 Be5 46. Ne6+ Kf6 $1 47.
Nd4+ (47. Nf4+ Kf7 48. Nd5 c2 $1 49. Kf1 c1=Q+ 50. Rxc1 Ke6 51. Rc5 Bd6 52. Rb5
f4 $1 $10) 47... Kf7 48. Nb5 Ke7 49. Rc5 Bxc7 50. Rxc3 Kd7 51. Nxc7 1/2-1/2

[Event "FIDE-Wch"]
[Site "NED/INA"]
[Date "1993.??.??"]
[Round "9"]
[White "Timman, Jan H"]
[Black "Karpov, Anatoly"]
[Result "1/2-1/2"]
[WhiteElo "2620"]
[BlackElo "2760"]
[Annotator "Ftacnik,L"]
[PlyCount "93"]
[EventDate "1993.09.??"]
[EventType "match"]
[EventRounds "21"]
[EventCountry "NED"]
[SourceTitle "CBM 036"]
[Source "ChessBase"]
[SourceDate "1993.10.01"]
[SourceVersion "1"]
[SourceVersionDate "1993.10.01"]
[SourceQuality "1"]

1. Nf3 Nf6 2. d4 e6 3. Bg5 h6 4. Bxf6 Qxf6 5. e4 d6 6. Nc3 g5 $6 (6... g6 7.
Qd2 Bg7 8. O-O-O Nd7 $6 (8... Qe7) 9. Nb5 Qd8 10. Qc3 Nc5 $16) 7. e5 (7. h3 Bg7
8. Bc4 Nc6 9. d5 Ne5 10. Nxe5 Qxe5 11. O-O h5 12. Nb5 Kd8 13. c3 g4 14. Qd3
exd5 15. exd5 gxh3 16. Rae1 Qg5 17. g3 h4 18. Bb3 Bd7 19. Nd4 hxg3 20. fxg3
Bxd4+ 21. cxd4 Bb5 22. Qf3 Bxf1 23. Rxf1 Qg7 24. Kh2 $13 {Speelman,J-Karpov,An/
Roquebrune 5'/1992/1-0 (44)}) (7. Bd3 Bg7 8. O-O O-O 9. e5 Qe7 10. Qe2 d5 11.
Nd1 c5 12. c3 Nc6 13. Ne3 Bd7 14. Rae1 cxd4 15. cxd4 Rac8 16. Bb1 f5 17. exf6
Bxf6 18. Ng4 Qg7 19. Qd2 Be7 20. Qe3 Rf4 21. Nge5 Nxe5 22. Nxe5 Bb5 23. Ng6 Rf6
24. Nxe7+ $15 {Orso,M-Farago,I/Magyarorszag ch/1979/0-1 (37)}) 7... Qe7 8. Bb5+
(8. h4 g4 9. Nd2 h5 10. f4 gxf3 11. Nxf3 Nc6 12. Bb5 Bd7 13. Qe2 dxe5 14. Bxc6
Bxc6 15. Nxe5 Qb4 (15... Bd7 $14 {King,D}) 16. O-O-O Bg7 17. Nxf7 $1 Kxf7 18.
Rhf1+ Bf6 19. d5 exd5 20. Rxf6+ $1 {1-0/King-Summermater/Luzern/1989/}) 8...
Bd7 9. O-O d5 10. Bd3 Nc6 11. Nb5 O-O-O 12. c3 h5 13. a4 Kb8 14. b4 Bg7 15. Na3
Rdf8 $6 (15... g4 16. Nd2 f6 $13) 16. Qe2 g4 17. Nd2 f6 $1 18. exf6 (18. b5
Nxe5 $5 19. dxe5 fxe5 $13) 18... Bxf6 19. b5 Na5 (19... Nxd4 $5 20. cxd4 Bxd4
21. Ra2 $5 Rxf2 22. Rxf2 Rf8 $36) 20. f4 Qg7 $6 (20... Rc8 $1 21. Nc2 c5 22.
bxc6 Rxc6 23. Ra3 Rhc8 24. Nb1 $15) 21. Nc2 Be7 22. Ne3 g3 $2 {xf3} (22... Bd6
23. f5 e5 24. Nxd5 exd4 25. c4 $14) 23. h3 Bd6 24. f5 Rh6 25. Rae1 (25. fxe6 $2
Rxe6 26. Rxf8+ Qxf8 27. Rf1 Qh6 28. Rf3 Bf4 29. Ndf1 h4 $13) 25... a6 $2 (25...
h4 $2 26. Ng4) (25... b6 $5) 26. Nf3 $1 Re8 $6 (26... exf5 27. Nh4 $1) (26...
b6 {/\ Ka7}) 27. Qd2 $1 Rd8 $6 28. bxa6 b6 29. Ne5 Bc8 (29... Bxe5 30. dxe5
Qxe5 $2 31. Ng4 $18) 30. fxe6 Rxe6 31. Nf5 Qg8 32. Nh6 (32. Nxd6 $5 Rexd6 (
32... cxd6 33. Nf7 Rxe1 34. Qxe1 Re8 35. Qb1 $16) 33. Qf4 $16) (32. Qf4 $5)
32... Qg7 33. Nf5 Qg8 34. Nh6 $2 Qg7 35. Nhf7 Rf8 36. Nxd6 (36. Bf5 $2 Rxe5 $1
$19) 36... Rxd6 37. Rxf8 Qxf8 38. Rf1 Rf6 39. Qe3 h4 40. Nf3 Nc4 $1 41. Qg5 (
41. Bxc4 dxc4 42. Qg5 Qh6 (42... Bxh3 $5 43. Qd5 Bc8 $1 (43... c6 44. Qe5+ Ka7
45. Qc7+ Kxa6 46. Rb1 c5 47. gxh3 Qh6 48. Re1 $1 Rxf3 $2 49. Qc8+) 44. a5 Bxa6
45. axb6 cxb6 $1) 43. Qxh6 Rxh6 44. Re1 $1 Bxa6 45. Re4 Bb7 46. Rxh4 Rf6 $14)
41... Bxa6 (41... Qh6 $5 42. Qxh6 (42. Qxd5 $2 Qe3+ 43. Kh1 Qxd3 $18) (42. Bxc4
dxc4 43. Qxh4 $2 Qe3+ 44. Kh1 Rxf3 $1 45. gxf3 Qe2 $19) 42... Rxh6 $13) 42. a5
$5 (42. Qxh4 Nd2 $1 43. Bxa6 Rxf3 $3 (43... Nxf1 44. Bxf1 Rxf3 45. gxf3 Qxf3
46. Qd8+ Kb7 47. Qxd5+ Qxd5 48. Bg2 $18) 44. gxf3 Nxf3+ 45. Rxf3 (45. Kh1 $2
g2+) 45... Qxf3 46. Qd8+ Ka7 47. Qxc7+ Kxa6 $10) (42. Qxd5 $2 Ne3 $19) 42...
Qh6 $2 (42... bxa5 $1 43. Rb1+ Rb6 44. Rxb6+ cxb6 45. Qxd5 Qc8 $1 (45... Qe8 $2
46. Bxc4 Qe3+ 47. Kh1 Qc1+ 48. Ng1 $18) 46. Qe4 a4 47. Qxh4 Qc7 48. d5 $5 $13)
43. Qxh6 $2 (43. axb6 Rxb6 (43... Qxg5 44. bxc7+) (43... cxb6 44. Bxc4 Bxc4 (
44... Qxg5 $2 45. Nxg5 Rxf1+ 46. Bxf1 $18) 45. Qe5+ Rd6 46. Re1 $18) 44. Qd8+
Bc8 45. Bf5 Nd6 46. Bxc8 Nxc8 47. Qxd5 Qe3+ 48. Kh1 Qxc3 49. Ne5 $16) 43...
Rxh6 44. axb6 cxb6 45. Ng5 Bb5 $1 46. Rf8+ Ka7 47. Kf1 (47. Kf1 Ne3+ (47... Na3
$5 $13 48. Rf3 Rc6 $13) 48. Ke2 Bxd3+ 49. Kxe3 $13) 1/2-1/2

[Event "Interpolis-02"]
[Site "Tilburg"]
[Date "1978.09.01"]
[Round "1"]
[White "Spassky, Boris Vasilievich"]
[Black "Miles, Anthony John"]
[Result "1/2-1/2"]
[WhiteElo "2630"]
[BlackElo "2565"]
[Annotator "Ftacnik,L"]
[PlyCount "73"]
[EventDate "1978.09.01"]
[EventType "tourn"]
[EventRounds "11"]
[EventCountry "NED"]
[EventCategory "14"]
[SourceTitle "MCL"]
[Source "ChessBase"]
[SourceDate "1999.07.01"]
[SourceVersion "1"]
[SourceVersionDate "1999.07.01"]
[SourceQuality "1"]

1. d4 Nf6 2. Nf3 e6 3. Bg5 c5 4. e3 Qb6 $5 5. Nbd2 $5 (5. Qc1 Ne4 6. Bf4 d5 $10
) 5... Qxb2 6. Bd3 d5 (6... Nc6 7. O-O Qb6 8. Rb1 Qd8 9. e4 cxd4 10. e5 h6 11.
Bh4 g5 12. Bg3 Nd5 13. Ne4 $40 {Knezevic-Stean, Cirella di Diamente 1976/77})
7. c4 Qc3 $5 8. Ne5 (8. Ke2 Ne4 $5 (8... Nbd7 $1) (8... b5 $2 9. Bxf6 $1 bxc4 (
9... gxf6 10. cxb5 c4 11. Nxc4 $1) 10. Nxc4 $1 dxc4 11. Be4 $1 $18)) (8. Qb1
Ne4 $5) 8... Nc6 9. Rc1 Qa3 10. Nxc6 (10. O-O Nxe5 11. dxe5 Qxd3 $17) (10. cxd5
Nxe5 11. dxe5 Qxd3 $17) (10. Bb1 cxd4 11. exd4 Nxd4 12. O-O $2 Qxc1) 10... bxc6
11. Qc2 Rb8 $1 $15 12. Rb1 (12. cxd5 Rb2 13. Qc3 Qxc3 14. Rxc3 Nxd5 $17) 12...
Rxb1+ 13. Qxb1 Be7 14. O-O cxd4 (14... h6 $6 15. Bxf6 Bxf6 16. cxd5 cxd5 17.
dxc5) 15. exd4 h6 (15... O-O $5 16. Bxf6 Bxf6 17. Bxh7+ Kh8 {/\ 18...Bxd4}) 16.
Bxf6 Bxf6 17. cxd5 cxd5 (17... exd5 $6 18. Re1+ Be6 (18... Be7) 19. Qb8+ Bd8
20. Qg3 $1 {/\ Rxe6+; 20...0-0 21.Bh7+; Timman)} (20. Rxe6+ fxe6 21. Bg6+ Kd7
22. Nb3 Qd6 $13)) 18. Bb5+ Ke7 19. Rc1 $5 (19. Nf3 a6 20. Bc6 Rd8 {/\ 21...Bd7}
) 19... Qa5 $4 (19... Bxd4 $1 20. Rc7+ Kf6 21. Qc2 (21. Nf3 Qb2 $19) (21. Ne4+
$2 dxe4 22. Qxe4 Be5) 21... Qb2 22. Ne4+ $2 dxe4 23. Qxe4 Be5) 20. Nf3 Rd8 21.
Rc5 $1 Qa3 $6 (21... Kf8 $5 22. Qc2 $5 (22. Bd7 Qa6) (22. Qc2 Bb7) 22... Bb7) (
21... Qb6 $2 22. Rc6 (22. Qb4)) (21... Bb7 22. Bf1 $1 (22. Bc6 $2 Qb6 $1)) 22.
Rc7+ Bd7 (22... Kf8 $4 23. Qh7 $1 Bd7 $1 $8 24. Bxd7 Rxd7 25. Qh8+ Ke7 26. Rc8
{e.g.} Kd6 27. Ne5 Rc7 28. Qf8+ Be7 29. Rd8+) 23. Qc2 $13 (23. Bxd7 $2 Rxd7 24.
Rxd7+ Kxd7 25. Qb7+ Kd6 $17) 23... a6 24. Ba4 Qd6 (24... Qb4 $2 25. Qc5+ Qxc5
26. dxc5 Ke8 27. c6 Bc8 28. Ra7 $18) 25. Qc5 $1 g5 (25... Qxc5 $2 26. dxc5 Ke8
27. c6 $18) 26. h3 (26. Ra7 $5 g4 27. Nd2 e5 $1 $13) (26. Qa7 Ke8) 26... Bxd4
$1 27. Qxd6+ $8 (27. Qxd4 $2 Qxc7 $19) (27. Nxd4 $2 Qxc5 28. Rxc5 Bxa4 $19) (
27. Rxd7+ $2 Rxd7 28. Qxd4 Rc7 $17) 27... Kxd6 28. Rxd7+ Rxd7 29. Bxd7 Bxf2+
30. Kxf2 Kxd7 $10 31. Ne5+ Ke7 32. Nc6+ Kd6 33. Nd8 f5 (33... Ke7 $2 34. Nb7 $1
$16) 34. Nf7+ Ke7 35. Ne5 (35. Nxh6 $2 Kf6 36. g4 f4) 35... Kd6 (35... f4 36.
Ke2 $13) 36. Nf7+ Ke7 37. Ne5 1/2-1/2

[Event "Lost Boys op"]
[Site "Antwerp"]
[Date "1997.08.07"]
[Round "6"]
[White "Stefanova, Antoaneta"]
[Black "Gurevich, Mikhail"]
[Result "0-1"]
[WhiteElo "2450"]
[BlackElo "2620"]
[Annotator "Gurevich,M"]
[PlyCount "88"]
[EventDate "1997.08.02"]
[EventType "swiss"]
[EventRounds "9"]
[EventCountry "BEL"]
[SourceTitle "CBM 059 Extra"]
[Source "ChessBase"]
[SourceDate "1997.09.26"]
[SourceVersion "1"]
[SourceVersionDate "1997.09.26"]
[SourceQuality "1"]

1. d4 {Meulders} Nf6 2. Nf3 e6 3. Bg5 h6 4. Bxf6 Qxf6 5. e4 d6 6. Nc3 Nd7 7.
Bd3 Qd8 $5 {'!' Meulders.} (7... e5 8. Nd5 Qd8 9. O-O Be7 10. c3 O-O 11. Nd2
Bf6 $13 12. Nxf6+ Qxf6 13. d5 Qg5 14. b4 Nf6 $36 {0-1 Graves,
J-Donaldson_Akhmilovskaya,E/Seattle 1995 (56)}) (7... g5 8. Nb5 Qd8 9. O-O Bg7
10. c3 O-O 11. Bc2 a6 12. Na3 b5 13. Qd3 Bb7 $132 {0-1 Nordlund,F-Sjoberg,M/
Stockholm op Rilton Cup (2) 1996 (45)}) (7... a6 {Meulders} 8. e5 dxe5 9. Ne4
Qe7 10. dxe5 Qb4+ 11. c3 Qxb2 12. O-O Nc5 13. a4 Qb3 14. Qe2 Nxd3 15. Qxd3 Qd5
16. Qe3 b6 17. Rfd1 Qc6 18. Nd4 Qb7 19. Qf3 Be7 20. Nc6 Rf8 21. Rd4 f5 22. exf6
{1-0 Stefanova,A-Hauchard,A/Cappelle la Grande op 1997/EXP 57}) 8. Qd2 a6 9.
O-O-O Be7 (9... b5 $5 10. e5 d5 11. Nxd5 $6 exd5 12. e6 Nf6 $5 (12... fxe6 13.
Bg6+ Ke7 14. Rhe1 Rb8 (14... Nf6 15. Ne5 $16) 15. Rxe6+ $1 Kxe6 16. Qf4 Qf6 17.
Re1+ Ne5 18. Rxe5+ Kd7 19. Rf5 $44) 13. exf7+ Kxf7 14. Ne5+ Kg8 15. Bg6 (15.
Ng6 Be6 16. Nxh8 Kxh8 17. Rhe1 Qd7 $17) 15... Be6 $17) 10. h4 b5 11. g4 c5 $5
$132 {Meulders: Gurevich ist nicht so freundlich kurz zu rochieren und erobert
sich Raum am anderen Flügel.} 12. d5 (12. dxc5 Nxc5 13. g5 Bb7 $132) 12... e5
13. Rdg1 c4 14. Bf1 Qa5 (14... b4 $5 15. Nb1 c3 16. bxc3 bxc3 17. Nxc3 Qa5 $132
) 15. g5 h5 (15... b4 16. Nb1 c3 17. bxc3 Qxa2 18. cxb4 $14) 16. Qe1 (16. g6 $5
f6 $13 17. Bh3 $6 b4 18. Nb1 Rb8 $40) 16... Bd8 $5 {[/\Bd8-b6-d4]} (16... b4
17. Nd1 c3 18. Kb1 cxb2 19. Nd2 $13) 17. Nd2 Bb6 18. Kb1 Bd4 (18... Ba7 $5 {
[/\Qa5-c7 |^<<]}) 19. Rg3 g6 20. Nd1 {Meulders: Strebt Weiß ein
Zweireihensystem nach? Der Textzug bereitet Pc3 und eventuell auch Ra3 vor.
Gleich wie beim 7.ten Zug entfernt Gurevich seine Dame aus einer potentiell
gefährdeten Lage.} Qc7 21. Be2 {'?' Meulders. Meulders: Hier beißt der Läufer
auf Granit. Normal und auf der Hand liegend ist Bh3.} (21. c3 $5 Ba7 22. Bh3 {
[/\23.Rf1,24.f4]} Rb8 $132) 21... Bb7 $5 {[/\22...0-0-0]} (21... Nb6 22. c3 Bc5
23. f4 exf4 24. Rf3 $13) 22. Rf1 O-O-O 23. c3 (23. b3 {Meulders} c3 $1 (23...
cxb3 24. axb3 Kb8 25. c3 Bb6 26. Nb2 $13) 24. Nf3 Nc5 25. Nxd4 exd4 26. Bd3
Rhe8 $17) 23... Bc5 (23... Ba7 $142) 24. Ne3 $1 Rhe8 {[/\25...R8e7]} 25. b3 $6
{'?' Meulders. Meulders: Unbegründete Aktivität, typisch für aufkommenden
Zeitnot. Die weisse Armee ist unterbesetzt am Königsflügel, also soll sie vor
allem dort keine Linien öffnen. Im bis jetzt gefolgten "Wait-und-see"-Stil ist
Nc2 angebracht.} (25. Nc2 $142) 25... cxb3 26. axb3 Kb8 $15 27. Nc2 Rc8 {
Meulders: Während Weiß versucht die selbstgemachte Bresche zu dichten baut
Schwarz ruhig seinen Angriff auf.} 28. Kb2 Re7 29. Nb1 (29. b4 Ba7 30. Nb3 Nb6
$17) 29... Ba7 30. Qd1 Nc5 {'=/+' Meulders. Meulders: Listig gespielt: es
scheint als ob der schwarze Springer sich vom Feld e5 entfernt.} 31. Nd2 Qb6 {
[/\32...Rec7|^<<]} 32. f4 {'?' Meulders. Meulders: Der weisse Zeitnot hatte
schon kritischen Formen angenommen aber dieser Zug schwacht die Stellung
erheblich, weil Schwarz jetzt Feld e5 für den Springer bekommt der von dort
aus souverän das Brett zu kontrollieren droht.} exf4 33. Rxf4 Nd7 $1 {[/\34...
Ne5, 35...Rec7 ><f7] '-/+!' Meulders.} (33... a5 34. Nd4 b4 35. Nb5 $13) 34.
Bf1 {'?' Meulders.} Ne5 35. Bh3 {'?' Meulders. Meulders: Jetzt ein Schlag ins
Wasser der nur die Kontrolle über c4/d3 vernachlässigt.} (35. Nf3 Qf2 $1 36.
Rg2 Qc5 37. Qe1 (37. Qd4 {Meulders} Qc7 38. Qd2 Nxf3 39. Rxf3 Rxe4 {bricht die
weisse Stellung zusammen.}) 37... Nxf3 38. Rxf3 Bxd5 $17) 35... Rcc7 36. Rf6 (
36. Nf3 Qf2 37. Rg2 Qc5 $19) 36... a5 $1 {[/\37...b4->]} 37. Qf1 b4 38. cxb4 (
38. c4 a4 39. bxa4 Ba6 $40 40. Rb3 Nxc4+ 41. Nxc4 Bxc4 42. Rxb4 Qxb4+ 43. Nxb4
Bxf1 $19) 38... axb4 39. Qa1 Qc5 (39... Qd4+ $5 40. Nxd4 Bxd4+ 41. Kb1 Bxa1 42.
Kxa1 Rc2 $17) 40. Qb1 Ba6 41. Bf1 {[#]} Nd3+ $1 42. Rxd3 (42. Bxd3 Qc3+ 43. Kc1
Bxd3 44. Rxd6 Qxc2+ 45. Qxc2 Rxc2+ 46. Kd1 Rc3 $19) 42... Bxd3 43. Nc4 (43.
Bxd3 Qc3+ 44. Kc1 Be3 $19) 43... Bxe4 44. Rxd6 Qxd6 $1 (44... Qxd6 45. Nxd6
Rxc2+ 46. Qxc2 Bxc2 47. Kxc2 Rd7 48. Ne4 Rxd5 49. Bc4 Rd7 $19) 0-1

[Event "Helsingor Jubilee"]
[Site "Helsingor"]
[Date "1999.10.25"]
[Round "6"]
[White "Hansen, Curt"]
[Black "Hansen, Sune Berg"]
[Result "1/2-1/2"]
[WhiteElo "2607"]
[BlackElo "2558"]
[Annotator "Hansen,SB"]
[PlyCount "29"]
[EventDate "1999.10.19"]
[EventType "tourn"]
[EventRounds "6"]
[EventCountry "DEN"]
[EventCategory "13"]
[SourceTitle "CBM 074"]
[Source "ChessBase"]
[SourceDate "2000.02.01"]
[SourceVersion "1"]
[SourceVersionDate "2000.02.01"]
[SourceQuality "1"]

1. Nf3 Nf6 2. d4 e6 3. g3 c5 4. Bg2 Nc6 5. O-O Qb6 6. dxc5 Bxc5 7. c4 Ne4 {
A novelty, but the old move 7...Qa6 is almost certainly stronger.} 8. e3 O-O 9.
Qd3 $1 f5 (9... d5 10. cxd5 exd5 11. Qxd5 Nf6 12. Qg5 $16) 10. a3 Be7 11. Nbd2
Nc5 12. Qc2 Bf6 13. Rb1 a5 14. b3 d6 15. Bb2 $11 {Curt secured firstplace with
a draw so he wasn't very interested in a sharp fight, in the final posion
black has no problems} (15. e4 $1 f4 (15... fxe4 16. Nxe4 Nxe4 17. Qxe4 $14) (
15... Nd4 16. Nxd4 Bxd4 17. exf5 exf5 18. Nf3 $16) 16. gxf4 Be7 17. e5 Rxf4 18.
exd6 Bxd6 19. Ng5 Rh4 20. Ndf3 Nd4 21. Qd1 Nxf3+ 22. Nxf3 Rh5 23. h3 $14)
1/2-1/2

[Event "NED-ch58"]
[Site "Leeuwarden"]
[Date "2003.07.04"]
[Round "8"]
[White "Delemarre, Jop"]
[Black "Nijboer, Friso"]
[Result "0-1"]
[WhiteElo "2418"]
[BlackElo "2562"]
[Annotator "Hazai,L"]
[PlyCount "68"]
[EventDate "2003.06.26"]
[EventType "tourn"]
[EventRounds "9"]
[EventCountry "NED"]
[EventCategory "11"]
[SourceTitle "CBM 096"]
[Source "ChessBase"]
[SourceDate "2003.09.25"]
[SourceVersion "1"]
[SourceVersionDate "2003.09.25"]
[SourceQuality "1"]

1. d4 d6 (1... Nf6 2. Nf3 d6 {- 1...d6, this is the more common move order.})
2. Nf3 (2. e4) 2... Nf6 {This setup is clearly against the 3.Bg5 line, where
Black can gain an important tempo in comparision to the "normal" King's Indian
move order.} 3. Bg5 {This is exactly what Black is waiting for!} (3. Nc3 {/\ e4
} g6 (3... Bf5 4. Bg5 Nbd7 5. Nh4 $14) (3... Nbd7 4. e4 e5 {The Philidor is
not a frightening option for White!}) 4. e4 {transposes to the Pirc, and this
is not everybody's cup of tea.}) 3... Nbd7 4. Nbd2 h6 (4... e5 5. dxe5 {
gives up the [+] and Black can equalize with ease.} (5. e4 exd4 (5... Be7 6. c3
h6 7. Bxf6 Bxf6 8. Bc4 c6 9. O-O O-O 10. dxe5 dxe5 $11 {Goldstein-Bouchaud,
Paris op-1 1989}) 6. Nxd4 {Here the N belongs to c3.} Be7 7. Bc4 Ne5 8. Bb3 O-O
9. O-O h6 10. Bh4 c5 11. N4f3 Bg4 $13 {Zidar-Gerull, Mainz 1997}) (5. e3 {
is too passive.} Be7 6. Bd3 O-O 7. c3 Ne8 8. Bxe7 Qxe7 9. Qc2 Nef6 10. O-O Re8
$11 {S.Kovacevic-Vasquez, Malaga 2003}) 5... dxe5 6. e4 Bc5 7. c3 (7. Be2 O-O
8. O-O h6 9. Bh4 Re8 10. c3 a5 $11 {Tyomkin-Whitehead, North Bay 1998}) 7... a5
8. Bd3 O-O 9. Nc4 Qe7 10. O-O c6 11. a4 {(Bronstein-Minic, Lvov 1962)} h6 {
Notkin} 12. Bh4 Qe6 $10) 5. Bh4 g5 6. Bg3 Nh5 {Now Black has spared g7-g6,
which is an important bonus, therefore the whole line cannot be favourable for
White.} 7. e4 (7. e3 Bg7 8. Bd3 (8. Bc4 e6 9. Bb3 Qe7 10. c3 b6 11. Ne5 dxe5
12. Qxh5 Bb7 13. O-O exd4 14. cxd4 O-O 15. Rac1 c5 $13 {Aikhoje-Gallagher,
Scarborough 1999}) (8. c3 b6 9. Bb5 Bb7 10. O-O Nxg3 11. fxg3 a6 12. Bd3 e6 13.
Qe2 Qe7 14. a4 c5 $11 {Hoi-Larsen, Taastrup 1998}) 8... e6 (8... Nxg3 9. hxg3
e5 $6 10. c3 Qe7 11. Qc2 Nf6 12. dxe5 dxe5 13. Bf5 Bxf5 14. Qxf5 Nd7 15. O-O-O
O-O-O 16. Ne4 $16 {Macsik-Brigljevic, Paks 1999}) 9. c3 Qe7 10. Nf1 $5 {/\ N3d2
} (10. Ng1 {Kacheishvili}) (10. Qc2 Nb6 11. O-O-O Bd7 12. e4 Rc8 $13 {Ka.
Mueller-Wahls, Dudweiler 1996}) 10... Ndf6 11. e4 Bd7 12. N3d2 Nxg3 13. hxg3 c5
$6 14. dxc5 dxc5 15. Qe2 O-O-O {(Kacheishvili-Spraggett, Linares 1996 65/(53))}
16. a4 $1 $14 {Kacheishvili}) 7... Bg7 (7... e6 {/\ Qe7 and sometimes 0-0-0.}
8. c3 Qe7 9. Nc4 b6 10. Nfd2 Nxg3 11. hxg3 Bb7 12. Ne3 c5 13. dxc5 Nxc5 14.
Bb5+ Kd8 15. Qc2 Kc7 16. Be2 Bg7 $13 {S.Kovacevic-Hamdouchi, Mancha Real 2000})
8. c3 c5 (8... e6 9. Nc4 (9. Qb3 Qe7 10. Bd3 b6 11. O-O Bb7 12. a4 Rb8 13. a5
O-O 14. axb6 axb6 15. Ra7 Kh8 $13 {Ballmann-Hickl, Baden 1999}) 9... Qe7 10.
Nfd2 Nxg3 11. hxg3 {(S.Kovacevic-Spraggett, Andorra 1997)} c5 $15 {and the B
on the long /^ works well.}) (8... Nf8 {/\ Ng6} 9. Bc4 Ng6 10. O-O e6 {Black
puts a strong pressure on the dark squares.} 11. Qe2 Bd7 12. Qe3 Qe7 13. e5
Nxg3 14. hxg3 g4 15. exd6 cxd6 16. Nh2 h5 17. Rfe1 Bh6 18. Qe2 O-O-O $13 19.
Rad1 Kb8 20. Bd3 Rdg8 21. Nc4 {1/2-1/2 Torre-Qi Jingxuan, Jakarta 1987}) 9. Nc4
(9. d5 {opens up the long /^ and Black's ^^ is strong.} Nxg3 10. hxg3 Nf6 11.
Bd3 a6 12. a4 e6 13. dxe6 Bxe6 14. O-O O-O 15. Qc2 Qc7 16. Rfd1 Rfe8 $132 {
M.Orso-T.Paehtz, Berlin East 1987}) 9... cxd4 10. Nxd4 {Now White has problems
in the [+] as well.} (10. cxd4 Nxg3 11. hxg3 g4 $132 (11... Nf6 $132)) 10...
Nxg3 11. hxg3 Nc5 12. Ne3 $2 {White completely unnecessarily leaves the P
undefended.} (12. Bd3 d5 13. exd5 Qxd5 $15 {was the lesser evil.}) 12... Nxe4
13. Ndf5 Bxf5 14. Nxf5 Kf8 15. Nxg7 Kxg7 16. Qd5 Nf6 17. Qxb7 Rb8 18. Qxa7 Rxb2
$17 {White gets back the P, but his P structure is corrupted.} 19. Bd3 Qc8 20.
O-O {White gives up the P without any fight.} (20. c4 Qe6+ 21. Kf1 {is not
rosy either, but at least materially even.}) 20... Qxc3 $19 21. Rad1 e6 22. a4
Rc8 23. a5 Rc7 24. Qa8 d5 25. a6 Nd7 26. Rb1 Rxb1 27. Bxb1 Qa3 28. Rd1 Rc1 29.
Rxc1 Qxc1+ 30. Kh2 Qxb1 31. Qc8 Ne5 32. Qc3 f6 33. Qc7+ Kg6 34. f3 Nxf3+ 0-1

[Event "RUS Cup final 6th"]
[Site "Nefteyugansk"]
[Date "2002.10.14"]
[Round "11"]
[White "Skatchkov, Pavel"]
[Black "Bocharov, Dmitry"]
[Result "1-0"]
[WhiteElo "2471"]
[BlackElo "2502"]
[Annotator "Hecht,H"]
[PlyCount "69"]
[EventDate "2002.10.06"]
[EventType "tourn"]
[EventRounds "11"]
[EventCountry "RUS"]
[EventCategory "11"]
[SourceTitle "CBM 092"]
[Source "ChessBase"]
[SourceDate "2003.02.06"]
[SourceVersion "1"]
[SourceVersionDate "2003.02.06"]
[SourceQuality "1"]

1. d4 Nf6 2. Nf3 e6 3. g3 b5 4. Bg2 Bb7 5. O-O c5 6. c3 Be7 7. Bg5 cxd4 8. Nxd4
Bxg2 9. Kxg2 Qb6 10. e3 O-O 11. Nd2 Nc6 12. Nxc6 Qxc6+ 13. Qf3 d5 14. Bxf6 Bxf6
15. e4 Rfd8 16. Rfd1 a5 17. exd5 exd5 18. Nb3 g6 19. Nd4 Qb6 20. Ne2 Bg7 21.
Rd3 d4 22. Nxd4 Bxd4 23. Rxd4 Rxd4 24. cxd4 {[#] Mattangriff mit starkem
Freibauer} Rd8 25. d5 Qd4 26. Rd1 Qxb2 27. d6 b4 $6 (27... Qxa2 28. Qf6 Rd7 29.
Qe5 {[%cal Re5e8,Re5b5]} Qe6 30. Qxb5 $11) 28. d7 Kg7 $6 (28... Qe5 $142 {
(Zentralisierung) und erst dann Kg7}) 29. Qd5 a4 $2 (29... Qe2 $142 {[%csl Rd1]
[%cal Ge2e6,Ge6e7]}) 30. Rd4 $1 {[%csl Rf7][%cal Rd5e5,Rd4f4]} ({Noch stärker
war} 30. Re1 $3 b3 31. axb3 axb3 32. Re8 Qf6 33. Rxd8 Qxd8 34. Qe5+ Kf8 35.
Qc5+ $1 Kg7 36. Qc8 $18) 30... b3 (30... h6 31. Re4 $1) 31. Qe5+ Kg8 32. Qe8+
Kg7 33. Rf4 {[%csl Rf7]} bxa2 34. Rxf7+ Kh6 35. Qe3+ 1-0